Ocean science and technology (Record no. 330062)

000 -LEADER
fixed length control field 01340nam a2200337 a 4500
001 - CONTROL NUMBER
control field 3446548
003 - CONTROL NUMBER IDENTIFIER
control field NUST
005 - DATE AND TIME OF LATEST TRANSACTION
control field 20170607105247.0
008 - FIXED-LENGTH DATA ELEMENTS--GENERAL INFORMATION
fixed length control field 911206s1991 ii a b 100 0 eng
010 ## - LIBRARY OF CONGRESS CONTROL NUMBER
LC control number 91906596
020 ## - INTERNATIONAL STANDARD BOOK NUMBER
Terms of availability 8123701403
025 ## - OVERSEAS ACQUISITION NUMBER
Overseas acquisition number I-E-65941
040 ## - CATALOGING SOURCE
Original cataloging agency DLC
Transcribing agency DLC
Modifying agency DLC
050 00 - LIBRARY OF CONGRESS CALL NUMBER
Classification number GC2
Item number .S425 1990
082 00 - DEWEY DECIMAL CLASSIFICATION NUMBER
Classification number 551 MAL
Edition number 20
100 ## - MAIN ENTRY--PERSONAL NAME
Personal name Malhotra,A.K
9 (RLIN) 2116
111 2# - MAIN ENTRY--MEETING NAME
Meeting name or jurisdiction name as entry element Seminar on "Ocean Science and Technology"
Date of meeting (1990 :
Location of meeting Trivandrum, India)
9 (RLIN) 2117
245 10 - TITLE STATEMENT
Title Ocean science and technology
Statement of responsibility, etc. A.K.Malhotra
260 ## - PUBLICATION, DISTRIBUTION, ETC.
Place of publication, distribution, etc. New Delhi :
Name of publisher, distributor, etc. Indian National Science Academy,
Date of publication, distribution, etc. 2000.
300 ## - PHYSICAL DESCRIPTION
Extent 204 p. :
Other physical details ill. (some col.) ;
Dimensions 14 cm.
500 ## - GENERAL NOTE
General note Cover title: Ocean science & technology.
501 ## - WITH NOTE
With note P.B
650 #0 - SUBJECT ADDED ENTRY--TOPICAL TERM
Topical term or geographic name entry element Oceanography
General subdivision Congresses.
9 (RLIN) 2118
650 #0 - SUBJECT ADDED ENTRY--TOPICAL TERM
Topical term or geographic name entry element Ocean engineering
General subdivision Congresses.
9 (RLIN) 2119
650 #0 - SUBJECT ADDED ENTRY--TOPICAL TERM
Topical term or geographic name entry element Marine resources
General subdivision Congresses.
9 (RLIN) 2120
710 2# - ADDED ENTRY--CORPORATE NAME
Corporate name or jurisdiction name as entry element Indian National Science Academy.
9 (RLIN) 2121
740 0# - ADDED ENTRY--UNCONTROLLED RELATED/ANALYTICAL TITLE
Uncontrolled related/analytical title Ocean science & technology.
906 ## - LOCAL DATA ELEMENT F, LDF (RLIN)
a 7
b cbc
c orignew
d 3
e ncip
f 19
g y-gencatlg
942 ## - ADDED ENTRY ELEMENTS (KOHA)
Source of classification or shelving scheme
Koha item type Book
Call number prefix 551 MAL
Holdings
Withdrawn status Lost status Source of classification or shelving scheme Damaged status Not for loan Collection code Permanent Location Current Location Shelving location Date acquired Total Checkouts Full call number Barcode Date last seen Price effective from Koha item type
            Institute of Environmental Science and Engineering (IESE) Institute of Environmental Science and Engineering (IESE) General Stacks 06/07/2017   551 MAL IESE-2980 06/07/2017 06/07/2017 Book
© 2023 Central Library, National University of Sciences and Technology. All Rights Reserved.